Normal view
MARC view
- اعداد منصور حسين؛ مشرف السلسلة منصور حسين، كرم جيب
Entry Personal Name
001 - CONTROL NUMBER
- control field: 38461
003 - CONTROL NUMBER IDENTIFIER
- control field: JO-AjAnu
005 - DATE AND TIME OF LATEST TRANSACTION
- control field: 20230606080414.0
008 - FIXED-LENGTH DATA ELEMENTS
- fixed length control field: 230606|| aca||aabn | a|a d
040 ## - CATALOGING SOURCE
- Original cataloging agency: JO-AjAnu
- Transcribing agency: JO-AjAnu
100 ## - HEADING--PERSONAL NAME
- Personal name: اعداد منصور حسين؛ مشرف السلسلة منصور حسين، كرم جيب
670 ## - SOURCE DATA FOUND
- Source citation: Work cat.: (JO-AjAnu)19729: اعداد منصور حسين؛ مشرف السلسلة منصور حسين، كرم جيب, author, التعليم والموارد البشرية